| 000 | 01429nam a22002411a 4500 | ||
|---|---|---|---|
| 003 | AR-RoUNCS | ||
| 005 | 20260309105826.0 | ||
| 007 | ta | ||
| 008 | 071009s2025 sp |||||||||||||| ||spa | ||
| 020 | _a978-987-4063-65-6 | ||
| 040 |
_aAR-BaBN _bspa _cAR-RoUNCS _eaacr |
||
| 080 | _082-32(82) | ||
| 100 | 1 |
_aReyes, Dolores, _d1978- _eautor |
|
| 245 | 1 | 0 |
_aCometierra / _cDolores Reyes. |
| 250 | _a1a ed, 18a reimp. | ||
| 260 |
_aCiudad Autónoma de Buenos Aires : _bSigilo, _c2025. |
||
| 300 |
_a176 p. ; _c22 cm. |
||
| 520 | 3 | _aCuando era chica, Cometierra tragó tierra y supo en una visión que su papá había matado a golpes a su mamá. Esa fue solo la primera de las visiones. Nacer con un don implica una responsabilidad hacia los otros y a Cometierra le tocó uno que hace su vida totalmente difícil, porque vive en un barrio donde la violencia, el desamparo y la injusticia brotan de cada rincón y porque allí las principales víctimas son las mujeres. En la persecución de la verdad, en el descubrimineto del amor, en el cuidado entre hermanos, Cometierra buscará su propio camino. Dolores Reyes ha escrito una primera novela terrible y luminosa, lírica, dulce y brutal, narrada con una voz que nos comueve desde la primera página. (Notas del editor). | |
| 521 | 1 | _aEdad sugerida desde los 15 años. | |
| 650 | 7 |
_2embne _aLITERATURA ARGENTINA _ySIGLO XXI |
|
| 655 | 7 |
_2embne _aNOVELAS CORTAS |
|
| 942 |
_2udc _cLPD _n0 |
||
| 999 |
_c784 _d784 |
||